MDQL
is popping MORE tags! Check the
thread
!
Quizzes
Events
Quiz Creation
Community
Videos
Private Events
Remove Ads
Sign In
Join for FREE
Feedback
Dark Mode
Quiz Categories
Sports
Geography
Music
Movies
Television
Just For Fun
Miscellaneous
History
Literature
Language
Science
Gaming
Entertainment
Religion
Holiday
For Kids
Quiz Lab
Recent
Popular Today
Quiz Kudos Today
Editor Picks
Curator Picks
Quizzes by...
Day
Popularity
Type
Ratings
Length
Year
Community
Subscriptions
Recent Discussions
Orange Saloon
Badges
Playlists
Quests
Create
Leaderboards
Showdown
Live 5
Trivia Bingo
Activity
Puzzle Library
Sporcle Events
Private Events
Virtual Trivia
Globe League
Become a Host
Pub Owners
SporcleCon
Opinionation
Our Games
Videos
Blog
Mobile Apps
Partnerships
Remove Ads and Go Orange
Feedback
Geography
Country
Landmarks
City
State
Population
World
Capital
Continent
Flags
Europe
Africa
Asia
South America
North America
Oceania
Border
Canada
United Kingdom
Topography
United States
Geography
Country
Landmarks
City
State
Population
World
Capital
Continent
Flags
Europe
Africa
Asia
South America
North America
Oceania
Border
Canada
United Kingdom
Topography
United States
Random Quiz
Search Sporcle
×
Quiz Lab
Quiz Lab
Geography
City
Type in answers that appear in a list
Type in answers that appear in a list
Classic
Best Score? Go Orange.
Frankfurt Airport's Busiest Routes Stats
Can you name the Top 40 Busiest Routes from Frankfurt Airport?
By
zante
5m
43 Questions
4,391 Plays
4,391 Plays
4,391 Plays
Comments
Comments
Give Quiz Kudos
Give Quiz Kudos
-
- Ratings
hide this ad
Replay
Link that replays current quiz
Next Quiz
Link to next quiz in quiz playlist
You Got
0%
They Got
Avg Score
72%
Avg Friend Score
Upgrade to see
Score Distribution
Jump to the score distribution portion of the page
Score
0/43
Timer
05:00
0
Plays Today
No. of Passengers
City/Airport
% Correct
759,500
London-Heathrow
97.9%
319,130
New York-JFK
96.7%
448,200
Paris-Charles de Gaulle Airport
95.5%
353,900
Madrid
94.1%
802,000
Berlin-Tegel
94.1%
320,300
Rome-Fiumicino
92.2%
475,100
Munich
91.8%
290,600
Tokyo-Narita
87.7%
270,500
Beijing-Capital
87%
290,600
Barcelona
86.9%
210,500
Moscow-Domodedovo
85.6%
287,200
Amsterdam
85.5%
214,700
Dublin
85.3%
285,000
Chicago-O'Hare
83.8%
264,000
Stockholm-Arlanda
83.5%
289,100
Toronto-Pearson
81.7%
747,200
Oslo
81.2%
459,400
Vienna
80%
429,500
Singapore
79%
264,900
Shanghai-Pudong
78.9%
276,400
Copenhagen
78.5%
795,100
Hamburg
77.7%
No. of Passengers
City/Airport
% Correct
272,700
Zurich
77.1%
210,500
Athens
76.1%
378,500
Warsaw
76%
221,700
Hong Kong
75.7%
334,900
Washington-Dulles
75.2%
277,360
Boston
74.7%
253,900
Lisbon
73.2%
337,700
Dubai
73%
222,700
Helsinki
70.7%
283,236
Atlanta
68.2%
330,900
Bangkok
67.2%
220,000
Prague
65.4%
277,300
San Francisco
64.3%
236,400
Seoul-Incheon
62.7%
223,500
São Paulo-Guarulhos
62.7%
209,300
Johannesburg
56.1%
228,300
Tel Aviv
53.3%
255,000
Newark
53.2%
319,000
Palma de Mallorca
30%
289,000
Antalya
14.8%
213,300
Bergen
12.4%
Quiz Playlist
Details
Report
Send in Message
Add To Playlist
Classic:
Type in answers that appear in a list
Quiz Source
Last Updated: Feb 16, 2017
Quiz Scoreboard
CHALLENGE
Sign Up to Join the Scoreboard
Show All
Scores
Hide
Comments
May contain spoilers
Recently Published
Find the 'City' Movie
by crazypaving
Movies
60s
5x2 Blitz: Bands
by SL_Kpop136
Music
30s
Colored Red Africa Blitz
by spor1
Geography
30s
More to Explore
Quiz From the Vault
Featured Blog Post
14 Easter Pick-up Lines to Find Eggs With
hide this ad
You Might Also Like...
Tags
City Quiz
airport
Airport City
Germany
route
Top 40
transport
Today's Top Quizzes in Geography
Browse Geography
hide this ad
Today's Top Quizzes in City
Browse City
Top Contributed Quizzes in Geography
1
Countries of the World - No Outlines Minefield
2
Colored Red Africa Blitz II
3
Colored Red Europe Blitz I
4
Colored Red Europe Blitz II
5
Colored Red Africa Blitz III
6
Colored Red Europe Blitz III
7
Colored Red States Blitz II
8
Country Trivia Logic Puzzle II
9
Colored Red States Blitz I
10
List All 50 US States
Explore More
Trending Topics
Marvel
Crossword
Harry Potter
Kpop
Anime
Disney
NBA
WWE
Song
Pokémon
Puzzle
The Office
Country
NFL
Soccer
hide this ad
More By:
zante
Quiz
Plays
Rating
Category
Featured
Created
Frankfurt Airport's Busiest Routes
4,391
4.38
Geography
Dec 8, 2010
Countries with most embassies abroad
3,798
4.67
Geography
Dec 7, 2010
World's Busiest Metro Systems
1,115
4.06
Geography
Dec 7, 2010
Go to Creator's Profile
Score Distribution
Quiz Creator Spotlight
zante
Follow
Send a Message
Quizzes Created
-
Created Quiz Play Count
-
More By This Creator
Popular Quizzes Today
1
Find the 'City' Movie
2
5x2 Blitz: Bands
3
Colored Red Africa Blitz
4
Find the US States - No Outlines Minefield
5
The Countries of the World
6
Find the US States
7
9x9 Crossword: Cartoon Network
8
US States
More Geography Quizzes
Click the Metros of Asia
Quiz Lab
Trending Quizzes
Colored Red Africa Blitz II
Colored Red Europe Blitz I
Colored Red Africa Blitz III
Colored Red Europe Blitz II
Colored Red Europe Blitz III
Recently Updated
Champions League XIs: Real Madrid
pecheneg
Largest US Cities 1790-2010
pecheneg
Rides in Walt Disney World
pecheneg
Most Oscar Losses (Acting)
pecheneg
Beyoncé Albums
pecheneg
Leaping Animals
pecheneg
Reality TV Shows (A-Z)
bhenderson79
Rickey Henderson's Hall of Fame Teammates
pecheneg
Champions League XIs: Arsenal
pecheneg
Quick Pick: Celebrities in WWE's Hall of Fame
aduchscher
Trending Topics
Kpop
Disney
Marvel
Harry Potter
Crossword
NBA
Anime
Pokémon
Soccer
Country
Song
NFL
The Office
WWE
Puzzle
Your Account Isn't Verified!
In order to create a playlist on Sporcle, you need to verify the email address you used during registration. Go to your
Sporcle Settings
to finish the process.
Report this User
Report this user for behavior that violates our
Community Guidelines
.
Details:
Send Report
Go to the Sporcle.com Mobile Site →
Comments